000 00318cam a2200133ua 4500
041 _aeng
_h
082 _a696.1
_bTOW/PL
100 _aTownsend, A L .
245 _aPlumbing /
_cA L Townsend.
_hTextual Documents
260 _aLondon :
_bHutchinson ,
_c1962.
300 _a240 ; .
942 _cBK
999 _c9664
_d9664